000 00729nam a2200217Ia 4500
001 7272
003 GE_BSU
008 181216s||||||||xx |||||||||||||| ||und||
040 _cGE_BSU
080 _a621.311.2(075.8)
100 _aВолкова,Э.П. Ведяев, В.А. Обрезков,В.И.
245 _aЭнергетические установки электростанций.
245 _bУчебник для вузов.
245 _cПод ред. Э.П.Волкова.
260 _aМ.
260 _bЭнергоатомиздат.
260 _c1983.
300 _a280стр. 25см. с илл.
653 _aЭнергетические установки электростанций.
942 _cBK
999 _c40644
_d40644